| 000 | 00475nam a2200181Ia 4500 | ||
|---|---|---|---|
| 003 | OSt | ||
| 005 | 20240401101258.0 | ||
| 008 | 210210b1930 xxu||||| |||| 00| 0 eng d | ||
| 040 | _cAL | ||
| 041 | _aKannada | ||
| 082 | _a858/51 | ||
| 100 |
_aGUNDAPPA (D V) _9132007 _dಗುಂಡಪ್ಪ (ಡಿ ವಿ). |
||
| 245 |
_aRangacharlu _bರಂಗಾಚಾರ್ಲು |
||
| 260 |
_aBengaluru _b- _c1930 |
||
| 690 |
_aBiography _9132009 |
||
| 906 | _a020595 | ||
| 942 |
_2ddc _cBK |
||
| 999 |
_c144745 _d144745 |
||